Normal view
MARC view
- Mudambi, Sumati R
Entry Personal Name
001 - CONTROL NUMBER
- control field: 6066
003 - CONTROL NUMBER IDENTIFIER
- control field: OSt
005 - DATE AND TIME OF LATEST TRANSACTION
- control field: 20240217143155.0
008 - FIXED-LENGTH DATA ELEMENTS
- fixed length control field: 240217|| aca||aabn | a|a d
040 ## - CATALOGING SOURCE
- Original cataloging agency: OSt
- Transcribing agency: OSt
100 ## - HEADING--PERSONAL NAME
- Personal name: Mudambi, Sumati R
670 ## - SOURCE DATA FOUND
- Source citation: Work cat.: (OSt)4746: Mudambi, Sumati R ., Fundamentals of food and nutrities / , 1990.
